| 000 | 00654nam a22002177a 4500 | ||
|---|---|---|---|
| 005 | 20170124110020.0 | ||
| 010 | _aA-257535 | ||
| 020 | _c55.00 | ||
| 035 | _aA-257535 | ||
| 037 | _bCen Lib/Ret | ||
| 040 |
_aDPL _bEN |
||
| 082 |
_a951.05 _bMIS |
||
| 100 |
_aMisra, Panchanan _919440 |
||
| 245 |
_aChina and socialism : _cby Panchanan Misra _ban introduction to contemporary China / |
||
| 260 |
_aNew Delhi _bSatvahan Publications _c1983 |
||
| 270 |
_bNew Delhi _e110065 |
||
| 300 |
_ax,136p. _c18cm(Hb) |
||
| 650 |
_aChina. _911515 |
||
| 650 |
_aEconomic and Social Achivements in China. _919441 |
||
| 942 |
_2ddc _cEN _h951.05 _mMIS |
||
| 999 |
_c127113 _d127113 |
||